000 00564cam a2200193 4500
001 382
005 20220427114429.0
008 020703s2003 njua b 001 0 eng
010 _a 2002029263
020 _a0130661023
100 1 _aTanenbaum, Andrew S.,
_d1944-
245 1 0 _aComputer networks /
_cAndrew S. Tanenbaum.
250 _a4th ed.
260 _aNoida:
_bPearson Education,
_c2003.
300 _axx, 891 p. :
_bill. ;
_c25 cm.
504 _aIncludes bibliographical references (p. 835-868) and index.
650 0 _aComputer networks.
942 _2ddc
_cMAIN
999 _c337
_d337